Statistiques concernant Trouver l'actrice

Cliquez ici pour prendre le quiz!

Statistiques générales

  • Ce quiz a été pris 121 fois
  • Le résultat moyen est 10 sur 20

Statistiques - réponses

FilmPersonnageActrice% Correct
MaléfiqueMaléfiqueAngelina Jolie
86%
Harry PotterHermione GrangerEmma Watson
86%
Pretty WomanVivian WardJulia Roberts
77%
LéonMathilda LandoNatalie Portman
73%
Hunger GamesKatniss EverdeenJennifer Lawrence
70%
LucyLucyScarlett Johansson
64%
Sissi impératriceSissiRomy Schneider
60%
Suicide SquadHarley QuinnMargot Robbie
59%
The MaskTina CarlyleCameron Diaz
52%
Mad Max: Fury RoadImperator FuriosaCharlize Theron
48%
CatwomanPatience PhillipsHalle Berry
44%
The Amazing Spider-ManGwen StacyEmma Stone
41%
Casino RoyaleVesper LyndEva Green
41%
Edward aux mains d'argentKimWinona Ryder
35%
AvengersPepper PottsGwyneth Paltrow
33%
Le crime était presque parfaitMargot WendiceGrace Kelly
23%
AquamanAtlannaNicole Kidman
22%
Le Mytho - Just Go with ItKatherine MurphyJennifer Aniston
21%
MalènaMalèna ScordiaMonica Bellucci
13%
Training DaySaraEva Mendes
11%

Distribution des résultats

Percentile par nombre de réponses

% des personnes avec chaque résultat

Votre développement - résultats

Vous n’avez pas pris ce quiz